| 000 | 00639nas a2200229 4500 | ||
|---|---|---|---|
| 001 | BR9701641 | ||
| 003 | BR-BrBNA | ||
| 005 | 20231205100050.0 | ||
| 007 | ta | ||
| 008 | 230509b bl.|||p| |||| 00| 00por d | ||
| 040 |
_aBR-BrBNA _bpor _cBiblioteca Nacional de Agricultura |
||
| 041 | _a(Pt) | ||
| 072 | _aF01 | ||
| 100 | 1 | _aStegemann, C. | |
| 245 | 1 | _aGuandu - banco de proteina | |
| 650 | _aGuandu | ||
| 650 | _aLeguminosa Forrageira | ||
| 650 | _aSanta Catarina | ||
| 773 | 0 |
_tGlobo Rural (Brazil) _xISSN 0102-6178 _g(Sep 1996), v. 11(131) p. 45-47 _wBR9701641 |
|
| 909 |
_a202311 _bLúcia _c55 _dLúcia Elande |
||
| 942 |
_2AGRIS _n0 _cANA |
||
| 999 |
_c154206 _d154206 |
||